China at work (Record no. 576668)

MARC details
000 -LEADER
fixed length control field 00848nam a2200241Ia 4500
003 - CONTROL NUMBER IDENTIFIER
control field OSt
005 - DATE AND TIME OF LATEST TRANSACTION
control field 20220925222317.0
008 - FIXED-LENGTH DATA ELEMENTS--GENERAL INFORMATION
fixed length control field 220923b |||||||| |||| 00| 0 ger d
020 ## - INTERNATIONAL STANDARD BOOK NUMBER
International Standard Book Number 9781137433312
037 ## - SOURCE OF ACQUISITION
Terms of availability General Book
040 ## - CATALOGING SOURCE
Original cataloging agency RTL
Transcribing agency RTL
Language of cataloging ger
041 ## - LANGUAGE CODE
Source of code ger
Language code of text/sound track or separate title ger
100 ## - MAIN ENTRY--PERSONAL NAME
Personal name LIU Mingwei
9 (RLIN) 287534
245 #0 - TITLE STATEMENT
Title China at work
Remainder of title A labour process perspective on the transformation of work and employment in China
260 ## - PUBLICATION, DISTRIBUTION, ETC.
Place of publication, distribution, etc. London
Name of publisher, distributor, etc. Palgrave Macmillan
Date of publication, distribution, etc. 2016
300 ## - PHYSICAL DESCRIPTION
Extent xix,399p
Dimensions cm.
700 ## - ADDED ENTRY--PERSONAL NAME
Personal name SMITH Chris
9 (RLIN) 285182
942 ## - ADDED ENTRY ELEMENTS (KOHA)
Classification part X:97.41, Q6
Koha item type General Books
Source of classification or shelving scheme Colon Classification (CC)
Holdings
Withdrawn status Lost status Damaged status Not for loan Home library Current library Date acquired Source of acquisition Cost, normal purchase price Total Checkouts Full call number Barcode Date last seen Cost, replacement price Price effective from Koha item type
        Ratan Tata Library Ratan Tata Library 2022-09-25 109965, 08/03/2017, International Book Distrobutors 3970.64   X:97.41 Q6 RT1500313 2022-09-25 3970.64 2022-09-25 General Books
Copyright @ Delhi University Library System